000
00274nam a2200109 a 4500
005
20201002040613.0
008
140218s1995 000 spa d
020
_a
0026217457
245
0
_a
Vegetarian Times Complete Cookbook.
260
_a
New York,
_c
1995.
999
_c
42543
_d
42543
040
_a
DO-SdBNP